00868 2200325 4500001002100000005001500021035002000036007000300056040001700059100002800076245004100104250001200145300003100157020002200188041000800210082001200218084001800230090002100248264003700269336002100306337003000327338002300357650001100380700004000391850001000431008004100441990001800482990002200500990002000522INLIS00000000000871920260518091016 a0010-1022000094ta aSBPUPADbind0 aRasyid AkbarePengarang1 aMisteri Sebuah Topi\ /cRasyid Akbar a.-cet,1 a112 hlm :bilus ;c20,5 cm a978-979-063-591-30 aind a899.221 a899.221 RAS m a633.7 LAG t 18-8 aJakarta; :bZikrul Hakim;,c2010 2rdacontentateks 2rdamediaatanpa perantara 2rdacarrieravolume 4asastra0 aEditor, Ida Melani PutriePengarang aPUPAD260518 1  a18975/Br-2013 a24,719/B/DPK/2017 a24.717/B/DPK/17